00330nam a2200121Ia 4500008004000000082001800040100001800058245004400076260005300120300001200173440000600185650001700191210210b1982 xxu||||| |||| 00| 0 eng d a598.2954 JERB aJERDON (T C). aBirds of india: natural history. Vol.1. aDehra DunbBishen Singh Mahendra Pal Singhc1982 axiv,535 a1 aIndian Birds